000 00618nam a2200229Ia 4500
005 20250425162141.0
008 250425s9999 xx 000 0 und d
041 _aspa
043 _ait
082 _a330
100 _aSERVITEC, SERVITEC
245 0 _aREGIONAL ATTRACTIVINESS IN THE KNOWLEDGE ECONOMY
250 _a1A ED.
260 _aItalia
_bIASP
_c2004
260 _aS.L.
300 _a588
500 _aXXI IAS P WORLD CONFERENCE ON SCIENCE AND TECHNOLOGY PARKS DEL 21 AL 23 DE SEPTIEMBRE 2004. ( BERGAMO-ITALY)
650 _aECONOMIA
710 _aSERVITEC
942 _c01
010 _a53137
999 _c223354
_d223354